[Event "Open"]
[Site "Torino ITA"]
[Date "1994.??.??"]
[Round "?"]
[White "Sedina, Elena"]
[Black "Zelcic, Robert"]
[Result "1-0"]
[WhiteElo "2320"]
[BlackElo "2460"]
[PlyCount "79"]
[EventDate "1994.??.??"]

1. e4 c6 2. d4 d5 3. Nd2 dxe4 4. Nxe4 Bf5 5. Ng3 Bg6 6. N1e2 Nd7 7. h4 h6 8.
Nf4 Bh7 9. Bc4 Ngf6 10. O-O Nb6 11. Bb3 a5 12. a3 a4 13. Ba2 e6 14. Re1 Nbd5
15. Ngh5 Nxf4 16. Bxf4 Bg6 17. Nxf6+ Qxf6 18. d5 Bc5 19. dxe6 Bxf2+ 20. Kxf2
Qxf4+ 21. Kg1 O-O 22. h5 Bh7 23. exf7+ Kh8 24. c3 Qg5 25. Qf3 Bc2 26. Rf1 Rad8
27. Rae1 Qc5+ 28. Qf2 Qg5 29. Qxc2 Rd2 30. Qxd2 Qxd2 31. Re8 Qd6 32. Kh1 Kh7
33. Rxf8 Qxf8 34. Re1 Qd6 35. Bb1+ g6 36. Bxg6+ Kg7 37. Re8 Qd1+ 38. Kh2 Qd6+
39. Kh3 Qd7+ 40. g4 1-0

[Event "XXVI C.to Italiano a squadre A2 spareggi"]
[Site "Bologna ITA"]
[Date "1994.05.22"]
[Round "6.1"]
[White "Rogulj, Branko"]
[Black "Zichichi, Alvise"]
[WhiteElo "2405"]
[BlackElo "2295"]
[Result "1/2-1/2"]
[PlyCount "78"]
[EventDate "1994.05.22"]

1. e4 c5 2. Nc3 e6 3. g3 Nc6 4. Bg2 g6 5. d3 Bg7 6. Be3 d6 7. f4 Nge7 8. Nf3
Nd4 9. O-O O-O 10. e5 Nef5 11. Bf2 Nxf3+ 12. Qxf3 Nd4 13. Qd1 dxe5 14. fxe5
Bxe5 15. Ne4 f5 16. Nxc5 f4 17. c3 fxg3 18. Bxg3 Bxg3 19. hxg3 Rxf1+ 20. Qxf1
Nc2 21. Rb1 Ne3 22. Qf3 Nxg2 23. Rf1 Qe7 24. Ne4 Rb8 25. Kxg2 b6 26. Qf6 Qxf6
27. Nxf6+ Kg7 28. Ne8+ Kg8 29. Nd6 Ba6 30. Re1 Rd8 31. Rxe6 Bxd3 32. g4 h6 33.
Kf3 Bb1 34. a3 Kg7 35. c4 Rd7 36. Kf4 Bc2 37. Ke5 Bd1 38. Ne8+ Kf7 39. Nd6+ Kg7
1/2-1/2

[Event "XXVI C.to Italiano a squadre A2 spareggi"]
[Site "Bologna ITA"]
[Date "1994.05.22"]
[Round "6.2"]
[White "Ciampi, Vincenzo"]
[Black "Fercec, Nenad"]
[WhiteElo "2180"]
[BlackElo "2385"]
[Result "0-1"]
[PlyCount "78"]
[EventDate "1994.05.22"]

1. e4 c5 2. Nc3 Nc6 3. g3 g6 4. Bg2 Bg7 5. d3 Rb8 6. f4 d6 7. Nf3 e6 8. O-O
Nge7 9. Be3 Nd4 10. Bf2 Nec6 11. g4 b5 12. e5 dxe5 13. Nxe5 Nxe5 14. fxe5 Bxe5
15. Re1 Bg7 16. Ne4 b4 17. c3 bxc3 18. bxc3 Nb5 19. Rb1 O-O 20. Bxc5 Re8 21. a4
f5 22. gxf5 gxf5 23. Qh5 h6 24. Nd6 Nxd6 25. Rxb8 Kh7 26. Bxd6 Qxd6 27. Qxe8
Qxb8 28. Rxe6 Qb1+ 29. Re1 Qb6+ 30. d4 Qc7 31. Qc6 Qd8 32. Re8 Qg5 33. Qxc8
Qc1+ 34. Kf2 Qc2+ 35. Kf1 Qd3+ 36. Re2 Bf6 37. Qxf5+ Qxf5+ 38. Ke1 Bh4+ 39. Kd2
Qg5+ 0-1

[Event "XXVI C.to Italiano a squadre A2 spareggi"]
[Site "Bologna ITA"]
[Date "1994.05.22"]
[Round "6.3"]
[White "Luciani, Carlo"]
[Black "Tocco, Paolo"]
[WhiteElo "2270"]
[BlackElo "2036"]
[Result "1-0"]
[PlyCount "65"]
[EventDate "1994.05.22"]

1. e4 e5 2. Nf3 Nc6 3. Bc4 Nf6 4. d3 Bc5 5. c3 d6 6. b4 Bb6 7. Qb3 Qe7 8. a4 a5
9. b5 Nd8 10. O-O O-O 11. Nbd2 Ne6 12. Bb2 Nf4 13. Rfe1 N6h5 14. d4 Qf6 15. Bf1
Bg4 16. c4 exd4 17. e5 dxe5 18. Rxe5 Ne6 19. Ne4 Qd8 20. Rd5 Qc8 21. c5 Ba7 22.
Nxd4 Nhf4 23. Re5 f6 24. Nxe6 Bxe6 25. Rxe6 Nxe6 26. Bc4 Re8 27. Qg3 Kf8 28.
Qh4 Bxc5 29. Nxf6 Be7 30. Nxh7+ Kg8 31. Qg4 Kxh7 32. Bxe6 Bf6 33. Qh5# 1-0

[Event "XXVI C.to Italiano a squadre A2 spareggi"]
[Site "Bologna ITA"]
[Date "1994.05.22"]
[Round "6.4"]
[White "De Vita, Igor"]
[Black "Cerchiari, Fulvio"]
[WhiteElo "2180"]
[BlackElo "2124"]
[Result "0-1"]
[PlyCount "78"]
[EventDate "1994.05.22"]

1. e4 c5 2. c3 d5 3. exd5 Qxd5 4. d4 Nc6 5. Nf3 cxd4 6. cxd4 Bg4 7. Be2 e6 8.
O-O Nf6 9. Nc3 Qd6 10. Qa4 Qb4 11. Rd1 Qxa4 12. Nxa4 Bd6 13. Be3 Ke7 14. Rac1
Rhc8 15. Nc5 Rc7 16. h3 Bh5 17. g4 Bg6 18. Nh4 Rac8 19. Nxg6+ hxg6 20. Bf3 Nd5
21. Bxd5 exd5 22. Rc3 Nd8 23. Re1 Kf8 24. Nd7+ Kg8 25. Rec1 Rxc3 26. Rxc3 Rxc3
27. bxc3 Ne6 28. Kf1 f6 29. Nc5 Bxc5 30. dxc5 Kf7 31. Ke2 Ke7 32. Kd3 Kd7 33.
c6+ Kxc6 34. Bxa7 Nf4+ 35. Ke3 g5 36. Bb8 Nxh3 37. a3 Kc5 38. Bh2 Kc4 39. Bd6
Kxc3 0-1

[Event "XXVI C.to Italiano a squadre A2 Est"]
[Site "ITA"]
[Date "1994.??.??"]
[Round "?"]
[White "Battisti, Eugenio"]
[Black "Mosna, Stefano"]
[WhiteElo "1900"]
[BlackElo "2225"]
[Result "1/2-1/2"]
[PlyCount "57"]
[EventDate "1994.02.27"]

1. e4 e5 2. Nf3 Nf6 3. d4 Nxe4 4. Bd3 d5 5. Nxe5 Nd7 6. O-O Nxe5 7. dxe5 Nc5 8.
Be2 Bf5 9. Be3 Ne6 10. c3 Bc5 11. Nd2 Bxe3 12. fxe3 Qg5 13. Kh1 Bg6 14. e4 dxe4
15. Qa4+ c6 16. Nxe4 Qxe5 17. Ng3 O-O 18. Rae1 Qc7 19. Nf5 Rfd8 20. Qh4 Rd7 21.
Bc4 Bxf5 22. Rxf5 Rd2 23. Rxf7 Kxf7 24. Bxe6+ Kf8 25. Qxh7 Qe5 26. Rf1+ Ke7 27.
Bb3 Rf8 28. Qh4+ Rf6 29. h3 1/2-1/2

[Event "XXVI C.to Italiano a squadre A2 Est"]
[Site "ITA"]
[Date "1994.??.??"]
[Round "?"]
[White "Bernardi, Ruben"]
[Black "Luciani, Carlo"]
[WhiteElo "1963"]
[BlackElo "2270"]
[Result "1-0"]
[PlyCount "116"]
[EventDate "1994.02.27"]

1. e4 e5 2. Nf3 Nc6 3. Bc4 Bc5 4. b4 Bxb4 5. c3 Be7 6. d4 Na5 7. Nxe5 Nxc4 8.
Nxc4 d5 9. exd5 Qxd5 10. Ne3 Qc6 11. O-O Nf6 12. d5 Qa6 13. Qf3 O-O 14. Nd2 Qd3
15. c4 Qg6 16. h3 h6 17. Bb2 Nh7 18. Be5 c6 19. Nb3 f5 20. Qg3 Qxg3 21. fxg3
Bg5 22. Rae1 Bxe3+ 23. Rxe3 cxd5 24. cxd5 b6 25. Nd4 Nf6 26. Bxf6 Rxf6 27. Re8+
Rf8 28. Rxf8+ Kxf8 29. g4 Ke7 30. gxf5 Bb7 31. Re1+ Kf7 32. d6 Bd5 33. Re7+ Kf6
34. Nb5 Rd8 35. Rxa7 Bc6 36. a4 Bxb5 37. axb5 Rxd6 38. Rb7 Kxf5 39. Rxg7 Rd5
40. Rh7 Kg6 41. Rb7 Rxb5 42. Kh2 Rb3 43. Rb8 b5 44. Rb7 h5 45. Rb8 Rb4 46. Rg8+
Kf7 47. Rg5 h4 48. Kg1 Kf6 49. Rc5 Ke6 50. Kf2 Kd6 51. Rc8 Rc4 52. Rb8 Kc5 53.
Rh8 b4 54. Rc8+ Kd4 55. Rd8+ Kc3 56. Kf3 b3 57. Rb8 b2 58. g3 Rb4 1-0

[Event "XXVI C.to Italiano a squadre A2 Est"]
[Site "ITA"]
[Date "1994.??.??"]
[Round "?"]
[White "Bernardi, Ruben"]
[Black "Moncher, Stefano"]
[WhiteElo "1963"]
[BlackElo "2202"]
[Result "0-1"]
[PlyCount "82"]
[EventDate "1994.02.27"]

1. e4 e6 2. d4 d5 3. Nd2 Nf6 4. e5 Nfd7 5. Bd3 c5 6. c3 Nc6 7. Ne2 cxd4 8. cxd4
f6 9. exf6 Nxf6 10. O-O Bd6 11. Nf3 Qc7 12. Ng3 O-O 13. b3 Bd7 14. Bb2 Rae8 15.
Rc1 Qb6 16. Ne5 Re7 17. Kh1 Be8 18. f4 g6 19. Bb1 Rg7 20. Rc2 Ne7 21. Rcf2 Nf5
22. Ng4 Bb5 23. Re1 Bb4 24. Rg1 Nxg3+ 25. hxg3 Nxg4 26. Qxg4 g5 27. f5 e5 28.
a3 Be7 29. Re1 e4 30. Ba2 h5 31. Qd1 Qd6 32. Re3 g4 33. b4 Kh8 34. Bc1 h4 35.
f6 Rxf6 36. Rxf6 Qxf6 37. Kg1 hxg3 38. Rxg3 Bd6 39. Rc3 Qh4 40. Rc8+ Kh7 41.
Bxd5 Bh2+ 0-1

[Event "XXVI C.to Italiano a squadre A2 Est"]
[Site "ITA"]
[Date "1994.??.??"]
[Round "?"]
[White "Biasizzo, Maurizio"]
[Black "Gasser, Giorgio"]
[WhiteElo "1900"]
[BlackElo "2300"]
[Result "1/2-1/2"]
[PlyCount "116"]
[EventDate "1994.02.27"]

1. d4 d5 2. Nf3 e6 3. c4 Nf6 4. Nc3 Be7 5. Bg5 O-O 6. e3 Nbd7 7. Rc1 c6 8. Bd3
dxc4 9. Bxc4 Nb6 10. Bb3 Nfd5 11. Bxe7 Qxe7 12. O-O Kh8 13. e4 Nxc3 14. Rxc3 e5
15. Nxe5 f6 16. Nd3 Qxe4 17. Nc5 Qh4 18. Re3 Nd5 19. Bxd5 cxd5 20. Ne6 Bxe6 21.
Rxe6 Rfe8 22. Rfe1 Rxe6 23. Rxe6 Rc8 24. h3 h6 25. Qd2 Rc4 26. Re8+ Kh7 27.
Qd3+ g6 28. Re7+ Kh8 29. Qxg6 Rc1+ 30. Kh2 Qf4+ 31. Qg3 Qxg3+ 32. Kxg3 b6 33.
Rxa7 Rc2 34. b3 Rd2 35. Ra4 Kg7 36. Kf3 Kg6 37. Ke3 Rb2 38. Rb4 Rxa2 39. Rxb6
Rc2 40. Rb5 h5 41. Rxd5 Rc3+ 42. Ke4 Rxb3 43. Rf5 Rb1 44. Rf3 Rd1 45. Kd5 Kf7
46. Re3 Rd2 47. g3 Rxf2 48. Kd6 Rc2 49. d5 Rc4 50. Kd7 f5 51. d6 h4 52. Kd8
hxg3 53. Rxg3 f4 54. Rd3 Re4 55. d7 Re3 56. Rd4 f3 57. h4 Rc3 58. Rf4+ Kg7
1/2-1/2

[Event "XXVI C.to Italiano a squadre A2 Est"]
[Site "ITA"]
[Date "1994.??.??"]
[Round "?"]
[White "Biasizzo, Maurizio"]
[Black "Mosna, Stefano"]
[WhiteElo "1900"]
[BlackElo "2225"]
[Result "1-0"]
[PlyCount "73"]
[EventDate "1994.02.27"]

1. d4 Nf6 2. Nf3 e6 3. c4 Bb4+ 4. Nbd2 a5 5. g3 b6 6. Bg2 Bb7 7. O-O O-O 8. Qc2
Be7 9. b3 a4 10. Bb2 Na6 11. bxa4 Nb4 12. Qb1 Rxa4 13. e4 Qa8 14. a3 Nxe4 15.
Nb3 Na6 16. Qc2 Nb8 17. Ne5 f5 18. Nd2 Nxd2 19. Bxb7 Qxb7 20. Rfd1 Ra8 21. Qxd2
d6 22. Nd3 Nd7 23. Re1 Rf6 24. Nf4 Nf8 25. Nxe6 Rxe6 26. Rxe6 Nxe6 27. Qe3 Qe4
28. Qxe4 fxe4 29. Re1 Ng5 30. Re3 Kf7 31. h4 Nf3+ 32. Kg2 Nd2 33. Re2 Nxc4 34.
Bc1 Nxa3 35. Rxe4 Nc2 36. Rf4+ Ke6 37. h5 1-0

[Event "XXVI C.to Italiano a squadre A2 Est"]
[Site "ITA"]
[Date "1994.??.??"]
[Round "?"]
[White "Carparelli, Luciano"]
[Black "Pangrazzi, Marco"]
[WhiteElo "1900"]
[BlackElo "2250"]
[Result "0-1"]
[PlyCount "94"]
[EventDate "1994.02.27"]

1. e4 c5 2. Nf3 Nc6 3. d4 cxd4 4. Nxd4 Nf6 5. Nc3 e5 6. Ndb5 d6 7. Bg5 a6 8.
Na3 b5 9. Nd5 Be7 10. Bxf6 Bxf6 11. c3 O-O 12. Nc2 Bg5 13. a4 bxa4 14. Bc4 Na5
15. Rxa4 Bd7 16. Rb4 Nxc4 17. Rxc4 Ra7 18. Na3 f5 19. exf5 Bxf5 20. O-O Raf7
21. Nc2 Be6 22. Rb4 Qa5 23. Nce3 Bxe3 24. Nxe3 d5 25. Ng4 Qc5 26. Qe2 a5 27.
Ra4 Bd7 28. b3 Bxa4 29. bxa4 Qxc3 30. Qxe5 Qxe5 31. Nxe5 Rf4 32. Nd7 Rd8 33.
Nc5 Rc8 34. g3 Rc4 35. Nd7 R8c7 36. Nb6 R4c5 37. Rd1 Rc1 38. Rxc1 Rxc1+ 39. Kg2
Rd1 40. Kf3 Kf7 41. Ke2 Rd4 42. Ke3 Re4+ 43. Kd3 Ke6 44. Na8 Rc4 45. Nb6 Rc6
46. Na8 Kd6 47. Kd4 Ra6 0-1

[Event "XXVI C.to Italiano a squadre A2 Est"]
[Site "ITA"]
[Date "1994.??.??"]
[Round "?"]
[White "Cazzaniga, Walter"]
[Black "Cerchiari, Fulvio"]
[WhiteElo "2160"]
[BlackElo "2124"]
[Result "1-0"]
[PlyCount "75"]
[EventDate "1994.02.27"]

1. e4 c5 2. Nf3 Nc6 3. Bb5 d6 4. O-O Bd7 5. Re1 e6 6. c3 Nf6 7. d4 a6 8. Bxc6
Bxc6 9. d5 Bd7 10. c4 e5 11. Bg5 Be7 12. Nbd2 Nxd5 13. exd5 Bxg5 14. Ne4 Be7
15. b4 f5 16. Ng3 cxb4 17. c5 O-O 18. cxd6 Bxd6 19. Nxe5 f4 20. Nf1 Re8 21. Nc4
Bc5 22. Qf3 Bb5 23. Nfd2 Bd4 24. Rad1 Rxe1+ 25. Rxe1 Bc3 26. Rd1 Ba4 27. Nb3
Bxb3 28. axb3 b5 29. Nd2 Bxd2 30. Rxd2 Qd6 31. Rd4 Rc8 32. h3 Rc3 33. Qe4 Rc1+
34. Kh2 g5 35. Qe8+ Kg7 36. Re4 f3+ 37. g3 Rc7 38. Re5 1-0

[Event "XXVI C.to Italiano a squadre A2 Est"]
[Site "ITA"]
[Date "1994.??.??"]
[Round "?"]
[White "Cerchiari, Fulvio"]
[Black "Rossi, Paolo"]
[WhiteElo "2124"]
[BlackElo "1972"]
[Result "1-0"]
[PlyCount "61"]
[EventDate "1994.02.27"]

1. d4 Nf6 2. Nf3 e6 3. e3 c5 4. Bd3 Be7 5. O-O b6 6. Qe2 O-O 7. b3 Bb7 8. Nbd2
Qc7 9. Bb2 d6 10. e4 Nbd7 11. c4 d5 12. cxd5 exd5 13. e5 Nh5 14. g3 g6 15. h4
cxd4 16. Rac1 Qd8 17. Nxd4 Nc5 18. e6 f5 19. N2f3 Qd6 20. Ne5 Bf6 21. Nf7 Rxf7
22. exf7+ Kxf7 23. Nxf5 Qd7 24. Bxf6 Nxf6 25. Nd4 Qh3 26. Qf3 Kg7 27. Rfe1 Nfe4
28. Bxe4 dxe4 29. Qg2 Qd7 30. Rcd1 Rf8 31. b4 1-0

[Event "XXVI C.to Italiano a squadre A2 Est"]
[Site "ITA"]
[Date "1994.??.??"]
[Round "?"]
[White "Contini, Luca"]
[Black "Messa, Roberto"]
[WhiteElo "2320"]
[BlackElo "2305"]
[Result "1-0"]
[PlyCount "87"]
[EventDate "1994.02.27"]

1. d4 d5 2. c4 e6 3. Nc3 c6 4. Bf4 f5 5. e3 Nf6 6. Bd3 Bd6 7. Bg3 O-O 8. Nge2
b6 9. Rc1 Bxg3 10. hxg3 a6 11. Nf4 Ra7 12. Qb3 g5 13. Nfe2 Rg7 14. Qa3 Bb7 15.
c5 b5 16. b4 Nbd7 17. Qb3 Ng4 18. a4 Ndf6 19. Nd1 Nd7 20. axb5 axb5 21. Ndc3
Kh8 22. Rf1 Rgg8 23. Kd2 Qc7 24. f3 Nh6 25. Rh1 Rf6 26. Bxb5 cxb5 27. Nxb5 Qb8
28. Nd6 Nb6 29. b5 Nc4+ 30. Nxc4 dxc4 31. Qxc4 Bd5 32. Qd3 e5 33. dxe5 Qxe5 34.
Qd4 Nf7 35. Ke1 Re8 36. Kf2 Rfe6 37. Nc3 Bc4 38. Rhe1 Qxd4 39. exd4 Rxe1 40.
Rxe1 Rxe1 41. Kxe1 Kg7 42. c6 Nd6 43. b6 Ba6 44. Nb5 1-0

[Event "XXVI C.to Italiano a squadre A2 Est"]
[Site "ITA"]
[Date "1994.??.??"]
[Round "?"]
[White "De Eccher, Stefano"]
[Black "Cazzaniga, Walter"]
[WhiteElo "2280"]
[BlackElo "2160"]
[Result "1-0"]
[PlyCount "87"]
[EventDate "1994.02.27"]

1. e4 e6 2. d4 d5 3. Nc3 Bb4 4. Nge2 dxe4 5. a3 Be7 6. Nxe4 Nd7 7. Bf4 Ngf6 8.
Qd3 Nxe4 9. Qxe4 Nf6 10. Qd3 O-O 11. O-O-O Rb8 12. Nc3 a6 13. Be2 b5 14. Qg3
Bd6 15. Be5 Ne8 16. Bd3 b4 17. axb4 Rxb4 18. Rhe1 Bd7 19. Ne4 Bb5 20. Re3 Bxd3
21. Rexd3 f6 22. Bf4 Qb8 23. b3 Bxf4+ 24. Qxf4 Nd6 25. Nc5 e5 26. Qd2 e4 27.
Rg3 Qb5 28. Nxa6 Rxb3 29. cxb3 Qxa6 30. Qc2 f5 31. Rc3 f4 32. Rc6 Qa1+ 33. Qb1
Qa3+ 34. Qb2 Qa5 35. Qc3 Qa3+ 36. Qb2 Qa5 37. Rc5 Qb4 38. Rxc7 e3 39. d5 Nf5
40. fxe3 fxe3 41. d6 e2 42. Qxe2 Nd4 43. Rxd4 Qxd4 44. Qc4+ 1-0

[Event "XXVI C.to Italiano a squadre A2 Est"]
[Site "ITA"]
[Date "1994.??.??"]
[Round "?"]
[White "De Eccher, Stefano"]
[Black "Fercec, Nenad"]
[WhiteElo "2280"]
[BlackElo "2385"]
[Result "1/2-1/2"]
[PlyCount "154"]
[EventDate "1994.02.27"]

1. e4 c5 2. Nf3 Nc6 3. d4 cxd4 4. Nxd4 Nf6 5. Nc3 e5 6. Ndb5 d6 7. Nd5 Nxd5 8.
exd5 Ne7 9. c3 Nf5 10. a4 Be7 11. Be2 O-O 12. O-O Nh4 13. Be3 a6 14. Na3 f5 15.
f3 f4 16. Bf2 Qe8 17. Nc4 Qg6 18. Bxh4 Bxh4 19. Bd3 Qh6 20. Qd2 Rf6 21. Nb6 Rb8
22. c4 Qh5 23. Nxc8 Rxc8 24. b4 Rh6 25. h3 Bd8 26. a5 b6 27. c5 b5 28. cxd6
Rxd6 29. Rac1 Rxc1 30. Rxc1 Qf7 31. Be4 Qa7+ 32. Kf1 g6 33. Qc3 Qd4 34. Qxd4
exd4 35. Ke2 Kg7 36. Kd3 Bf6 37. Rc7+ Kh6 38. Rf7 Be5 39. Re7 Bg7 40. Re6 Bf8
41. Kxd4 Rxe6 42. dxe6 Bxb4 43. Bb7 Kg7 44. Bxa6 Kf6 45. Kd5 Bxa5 46. Kd6 Bb4+
47. Kd7 Be7 48. Bxb5 g5 49. Bd3 h5 50. h4 gxh4 51. Bg6 Ba3 52. Bxh5 Bb4 53. Bg4
Ba3 54. Kc6 Bb4 55. Kd5 Ba3 56. Ke4 Bd6 57. Bh3 Bc7 58. Kd5 Bd8 59. Kc6 Be7 60.
Kd7 Ba3 61. Kc6 Bf8 62. Kd5 Be7 63. Kd4 Bf8 64. Ke4 Bd6 65. Bg4 Bc7 66. Bh3 Bd6
67. Bg4 Bc7 68. Bh3 Bd6 69. e7 Kxe7 70. Kf5 Bb8 71. Kg4 Bc7 72. Kxh4 Bb8 73.
Kg4 Bc7 74. Kh4 Bb8 75. Kg4 Bc7 76. Kh4 Bb8 77. Kg4 Bc7 1/2-1/2

[Event "XXVI C.to Italiano a squadre A2 Est"]
[Site "ITA"]
[Date "1994.??.??"]
[Round "?"]
[White "De Eccher, Stefano"]
[Black "Rupeni, Franco"]
[WhiteElo "2280"]
[BlackElo "2240"]
[Result "1-0"]
[PlyCount "91"]
[EventDate "1994.02.27"]

1. e4 e5 2. Nf3 Nc6 3. Nc3 Nf6 4. d4 Bb4 5. Nxe5 Qe7 6. Nxc6 Qxe4+ 7. Qe2 bxc6
8. Bd2 Qxe2+ 9. Bxe2 O-O 10. O-O-O d5 11. Bd3 Re8 12. Rde1 Bd7 13. Na4 Bd6 14.
f3 Rxe1+ 15. Bxe1 Re8 16. Bd2 Nh5 17. Nc5 Bc8 18. g3 g6 19. Re1 Rxe1+ 20. Bxe1
Ng7 21. Bf2 h5 22. Kd2 h4 23. Ba6 Bh3 24. Bb7 hxg3 25. hxg3 Bxc5 26. dxc5 Bd7
27. Kc3 Ne6 28. Kb4 Ng5 29. Ka5 Nxf3 30. Ka6 Nd2 31. Kxa7 Ne4 32. Bd4 Nxg3 33.
a4 Ne2 34. Bf2 d4 35. Kb8 Bf5 36. a5 d3 37. cxd3 Bxd3 38. a6 Bxa6 39. Bxa6 Nf4
40. Kxc7 g5 41. Kxc6 f5 42. Bc8 Nd3 43. Be6+ Kf8 44. Bd4 f4 45. Bg4 Ke7 46. Kb7
1-0

[Event "XXVI C.to Italiano a squadre A2 Est"]
[Site "ITA"]
[Date "1994.??.??"]
[Round "?"]
[White "De Eccher, Stefano"]
[Black "Tamai, Roberto"]
[WhiteElo "2280"]
[BlackElo "2305"]
[Result "0-1"]
[PlyCount "77"]
[EventDate "1994.02.27"]

1. c4 Nf6 2. Nc3 e6 3. e4 c5 4. e5 Ng8 5. Nf3 Nc6 6. d4 cxd4 7. Nxd4 Qa5 8.
Ndb5 a6 9. Nd6+ Bxd6 10. exd6 f5 11. Be2 Nf6 12. O-O Rb8 13. Bd2 Qe5 14. Be3 b5
15. cxb5 axb5 16. Qd3 f4 17. Bd2 O-O 18. Rfe1 Nb4 19. Qf3 Nc2 20. Bxf4 Nxe1 21.
Rxe1 Qc5 22. Qg3 b4 23. Na4 Qf5 24. Bd3 Qg4 25. Nc5 Qxg3 26. hxg3 Nd5 27. Be5
Nf6 28. Bc4 Ra8 29. f3 Ra5 30. Nd3 Ba6 31. Bxa6 Rxa6 32. Nxb4 Ra5 33. a3 Rc8
34. Kf2 Nd5 35. Nxd5 Rxd5 36. Re2 Rcc5 37. f4 Rd3 38. Re3 Rd2+ 39. Re2 0-1

[Event "XXVI C.to Italiano a squadre A2 Est"]
[Site "ITA"]
[Date "1994.??.??"]
[Round "?"]
[White "De Poi, Paolo"]
[Black "Luciani, Carlo"]
[WhiteElo "1942"]
[BlackElo "2270"]
[Result "1-0"]
[PlyCount "131"]
[EventDate "1994.02.27"]

1. e4 e5 2. Nf3 Nc6 3. Bb5 a6 4. Ba4 Nf6 5. d3 d6 6. c4 g6 7. Nc3 Bg7 8. h3 O-O
9. Be3 Ne7 10. d4 exd4 11. Nxd4 c6 12. O-O b5 13. cxb5 axb5 14. Bc2 b4 15. Nce2
Bb7 16. Nb3 c5 17. e5 dxe5 18. Bxc5 Qxd1 19. Rfxd1 Rfc8 20. Rac1 Nf5 21. Bxf5
gxf5 22. Bxb4 Bd5 23. Rxc8+ Rxc8 24. Bc3 Bc4 25. Ng3 Nd5 26. Nxf5 Nxc3 27. bxc3
Bxb3 28. axb3 Rxc3 29. Rb1 Rc5 30. b4 Rb5 31. Nxg7 Kxg7 32. Kf1 Kf6 33. Ke2 Ke6
34. Kd3 Kd5 35. g3 f5 36. Ke3 h5 37. h4 Kc6 38. Rb2 Kd5 39. Kd3 Rb6 40. b5 Kc5
41. f3 Rd6+ 42. Ke3 Rb6 43. Rb1 Kd5 44. Rb3 Kc4 45. Rb1 Kc5 46. g4 hxg4 47.
fxg4 fxg4 48. Ke4 g3 49. Kf3 Kd4 50. Kxg3 Kd3 51. Kf2 Kc2 52. Rh1 Kd3 53. Rd1+
Ke4 54. Re1+ Kd4 55. Rb1 Kd3 56. h5 e4 57. Rd1+ Kc4 58. Ke3 Rh6 59. Rh1 Kd5 60.
Rh4 Kc5 61. Kxe4 Kxb5 62. Kf5 Kc5 63. Kg5 Rh8 64. h6 Kd6 65. h7 Ke7 66. Kg6 1-0

[Event "XXVI C.to Italiano a squadre A2 Est"]
[Site "ITA"]
[Date "1994.??.??"]
[Round "?"]
[White "De Poi, Paolo"]
[Black "Pangrazzi, Marco"]
[WhiteElo "1942"]
[BlackElo "2250"]
[Result "1-0"]
[PlyCount "97"]
[EventDate "1994.02.27"]

1. e4 c5 2. Nf3 Nc6 3. Bb5 g6 4. O-O Bg7 5. Re1 e5 6. Bxc6 dxc6 7. d3 Ne7 8.
Be3 Qd6 9. Nbd2 b5 10. Nb3 O-O 11. Bxc5 Qc7 12. Qd2 a5 13. Bxe7 Qxe7 14. Nxa5
c5 15. a4 Bg4 16. Nc6 Qe6 17. axb5 Bxf3 18. gxf3 Rxa1 19. Rxa1 Qh3 20. Qe2 f5
21. exf5 gxf5 22. Qf1 Qxf3 23. Qg2 Qe2 24. f4 Qe3+ 25. Qf2 exf4 26. Qxe3 fxe3
27. b6 Bxb2 28. Rb1 e2 29. Kf2 Re8 30. Re1 Bd4+ 31. Nxd4 cxd4 32. Rxe2 Rb8 33.
Re6 Kf7 34. Rc6 Ke7 35. Rh6 Rc8 36. Rxh7+ Ke6 37. Rc7 Rb8 38. b7 Kd6 39. Rg7
Kc6 40. Kf3 Kb6 41. h4 Rh8 42. h5 Ka7 43. Rg5 Kxb7 44. Rxf5 Rc8 45. h6 Rxc2 46.
Rh5 Rc8 47. h7 Rh8 48. Ke4 Kc6 49. Kf5 1-0

[Event "XXVI C.to Italiano a squadre A2 Est"]
[Site "ITA"]
[Date "1994.??.??"]
[Round "?"]
[White "Demetz, Rainer"]
[Black "Lostuzzi, Manlio"]
[WhiteElo "2157"]
[BlackElo "2325"]
[Result "0-1"]
[PlyCount "32"]
[EventDate "1994.02.27"]

1. e4 e5 2. Nf3 Nc6 3. Nc3 g6 4. d4 exd4 5. Nxd4 Bg7 6. Be3 Nf6 7. Bc4 O-O 8.
O-O Re8 9. Nxc6 bxc6 10. Qd3 Ng4 11. Bd4 Qh4 12. h3 Ne5 13. Bxe5 Bxe5 14. f4
Bg7 15. f5 gxf5 16. exf5 Re3 0-1

[Event "XXVI C.to Italiano a squadre A2 Est"]
[Site "ITA"]
[Date "1994.??.??"]
[Round "?"]
[White "Demetz, Rainer"]
[Black "Rogulj, Branko"]
[WhiteElo "2157"]
[BlackElo "2405"]
[Result "1/2-1/2"]
[PlyCount "61"]
[EventDate "1994.02.27"]

1. e4 Nc6 2. Nc3 e5 3. Nf3 Nf6 4. d4 exd4 5. Nxd4 Bb4 6. Nxc6 bxc6 7. Bd3 d5 8.
exd5 cxd5 9. O-O O-O 10. Bg5 c6 11. Qf3 h6 12. Bxf6 Qxf6 13. Qxf6 gxf6 14. Ne2
Bd6 15. Nd4 c5 16. Nf5 Bxf5 17. Bxf5 Be5 18. Rad1 Rfd8 19. b3 a5 20. a4 Rab8
21. Bd3 Rb4 22. Bb5 Rd6 23. Rd3 c4 24. bxc4 dxc4 25. Rxd6 Bxd6 26. c3 Rb3 27.
Bxc4 Rxc3 28. Bb5 Bc5 29. g4 f5 30. gxf5 Rf3 31. Bd7 1/2-1/2

[Event "XXVI C.to Italiano a squadre A2 Est"]
[Site "ITA"]
[Date "1994.??.??"]
[Round "?"]
[White "Fercec, Nenad"]
[Black "Rupeni, Franco"]
[WhiteElo "2385"]
[BlackElo "2240"]
[Result "1-0"]
[PlyCount "43"]
[EventDate "1994.02.27"]

1. e4 e5 2. Nf3 Nc6 3. d4 exd4 4. Nxd4 Qh4 5. Nc3 Bb4 6. Be2 Nf6 7. O-O Bxc3 8.
bxc3 O-O 9. Nf5 Qxe4 10. Bd3 Qg4 11. f3 Qa4 12. Nxg7 Kxg7 13. Bh6+ Kg8 14. Qd2
Qh4 15. Bg5 Qh5 16. Bxf6 Re8 17. g4 Qc5+ 18. Kh1 Re6 19. Qh6 Rxf6 20. Bxh7+ Kh8
21. Qxf6+ Kxh7 22. Qxf7+ 1-0

[Event "XXVI C.to Italiano a squadre A2 Est"]
[Site "ITA"]
[Date "1994.??.??"]
[Round "?"]
[White "Fercec, Nenad"]
[Black "Tamai, Roberto"]
[WhiteElo "2385"]
[BlackElo "2305"]
[Result "1-0"]
[PlyCount "87"]
[EventDate "1994.02.27"]

1. e4 c5 2. Nf3 Nc6 3. d4 cxd4 4. Nxd4 Nf6 5. Nc3 e5 6. Ndb5 d6 7. Bg5 a6 8.
Na3 b5 9. Bxf6 gxf6 10. Nd5 f5 11. c3 Bg7 12. exf5 Bxf5 13. Nc2 O-O 14. Nce3
Be6 15. Bd3 Ne7 16. Qh5 h6 17. Be4 Nxd5 18. Bxd5 Ra7 19. Rd1 Re7 20. O-O Qd7
21. Rd3 Bxd5 22. Nxd5 Re6 23. Qf5 Qb7 24. Rfd1 Kh8 25. Ne3 Qc6 26. Rd5 Qc7 27.
Qe4 Rg8 28. g3 Bf8 29. a4 Qb8 30. axb5 axb5 31. Qb4 Qa8 32. Qxb5 Rf6 33. Qe2
Qa4 34. b4 Rgg6 35. b5 h5 36. b6 Qa8 37. Rb1 Qb7 38. Qc4 Bh6 39. Qc7 Qa6 40.
Qc4 Qb7 41. Qc7 Qa6 42. b7 Bxe3 43. b8=Q+ Kg7 44. Qcc8 1-0

[Event "XXVI C.to Italiano a squadre A2 Est"]
[Site "ITA"]
[Date "1994.??.??"]
[Round "?"]
[White "Fercec, Nenad"]
[Black "Werther, Florian"]
[WhiteElo "2385"]
[BlackElo "1993"]
[Result "1-0"]
[PlyCount "49"]
[EventDate "1994.02.27"]

1. e4 c5 2. Nf3 d6 3. d4 cxd4 4. Nxd4 Nf6 5. Nc3 g6 6. Be3 Bg7 7. f3 Nc6 8. Qd2
Bd7 9. Bc4 Qa5 10. O-O-O Ne5 11. Bb3 Rc8 12. Kb1 Nc4 13. Bxc4 Rxc4 14. g4 h5
15. Nb3 Qa6 16. e5 Ng8 17. exd6 Bxc3 18. bxc3 Qxd6 19. Qf2 Qa3 20. Bc5 Qa6 21.
g5 b6 22. Qe2 Rh7 23. Rhe1 e6 24. Qd3 Qb5 25. Rxe6+ 1-0

[Event "XXVI C.to Italiano a squadre A2 Est"]
[Site "ITA"]
[Date "1994.??.??"]
[Round "?"]
[White "Gasser, Giorgio"]
[Black "Carparelli, Luciano"]
[WhiteElo "2300"]
[BlackElo "1900"]
[Result "1-0"]
[PlyCount "82"]
[EventDate "1994.02.27"]

1. e4 c5 2. Nc3 Nc6 3. f4 d6 4. Nf3 e6 5. d3 Nf6 6. g3 Be7 7. Bg2 O-O 8. O-O a6
9. h3 Rb8 10. g4 Nd7 11. Ne2 d5 12. Ng3 dxe4 13. dxe4 Qc7 14. c3 b5 15. Qe2 Re8
16. Be3 Nb6 17. Rad1 Bb7 18. b3 Rbd8 19. Qf2 Rxd1 20. Rxd1 Nd7 21. g5 Bf8 22.
h4 g6 23. Nh2 f5 24. exf5 exf5 25. Bd5+ Kh8 26. Qf3 Nd8 27. b4 Bg7 28. bxc5
Nxc5 29. Bd4 Bxd5 30. Bxg7+ Kxg7 31. Rxd5 Nde6 32. Re5 Rd8 33. Nhf1 Qb6 34. Kh2
Nd3 35. Re3 Ndxf4 36. h5 Nd5 37. h6+ Kg8 38. Re5 Nxg5 39. Qe2 Qc6 40. Re7 Nxe7
41. Qxe7 Nf7 1-0